|
|
|
|
| LEADER |
00000nam0a2200000 4500 |
| 001 |
270815 |
| 005 |
20231101234359.0 |
| 035 |
|
|
|a (RuTPU)RU\TPU\book\293996
|
| 090 |
|
|
|a 270815
|
| 100 |
|
|
|a 20141002d1987 km y0rusy50 ca
|
| 101 |
0 |
|
|a rus
|
| 102 |
|
|
|a UA
|
| 105 |
|
|
|a a z 001zy
|
| 200 |
1 |
|
|a Расчет и проектирование устройств гидравлической струйной техники
|f В. П. Бочаров [и др.]
|
| 210 |
|
|
|a Киев
|c Технiка
|d 1987
|
| 215 |
|
|
|a 127 с.
|c ил.
|
| 320 |
|
|
|a Библиогр.: с. 124-126
|
| 606 |
1 |
|
|a Гидроавтоматика
|2 stltpush
|3 (RuTPU)RU\TPU\subj\6564
|9 34411
|
| 610 |
1 |
|
|a гидравлическая техника
|
| 610 |
1 |
|
|a струйная техника
|
| 610 |
1 |
|
|a расчет
|
| 610 |
1 |
|
|a проектирование
|
| 610 |
1 |
|
|a устройство
|
| 610 |
1 |
|
|a рациональное проектирование
|
| 610 |
1 |
|
|a регулирование
|
| 610 |
1 |
|
|a насосы
|
| 610 |
1 |
|
|a гидромоторы
|
| 610 |
1 |
|
|a струйные датчики
|
| 675 |
|
|
|a 681.523
|v 3
|
| 701 |
|
1 |
|a Бочаров
|b В. П.
|
| 701 |
|
1 |
|a Струтинский
|b В. Б.
|
| 701 |
|
1 |
|a Бадах
|b В. Н.
|
| 701 |
|
1 |
|a Таможний
|b П. П.
|
| 801 |
|
1 |
|a RU
|b 63413507
|c 20141002
|
| 801 |
|
2 |
|a RU
|b 63413507
|c 20170307
|g RCR
|
| 942 |
|
|
|c BK
|